LIBRARY ONLINE CATALOGUE

International criminal law and human rights / (Record no. 7845)

MARC details
000 -LEADER
fixed length control field 00954cam a22002652 4500
001 - CONTROL NUMBER
control field 0000009241
005 - DATE AND TIME OF LATEST TRANSACTION
control field 20151217152052.0
008 - FIXED-LENGTH DATA ELEMENTS--GENERAL INFORMATION
fixed length control field 080915s xx 000 0 eng d
020 ## - INTERNATIONAL STANDARD BOOK NUMBER
International Standard Book Number 0421722509 :
Terms of availability KES 6300
040 ## - CATALOGING SOURCE
Original cataloging agency KABU
Transcribing agency KABU
100 1# - MAIN ENTRY--PERSONAL NAME
Personal name De Than, Claire.
-- 0000160365
245 10 - TITLE STATEMENT
Title International criminal law and human rights /
Statement of responsibility, etc. Claire de Than and Edwin Shorts.
260 ## - PUBLICATION, DISTRIBUTION, ETC. (IMPRINT)
Place of publication, distribution, etc. London :
Name of publisher, distributor, etc. Sweet & Maxwell,
Date of publication, distribution, etc. 2003.
300 ## - PHYSICAL DESCRIPTION
Extent xlv, 550 p.
650 #0 - SUBJECT ADDED ENTRY--TOPICAL TERM
Topical term or geographic name as entry element Offenses against humanity.
-- 0000160366
650 #0 - SUBJECT ADDED ENTRY--TOPICAL TERM
Topical term or geographic name as entry element Human rights
General subdivision Criminal provisions.
-- 0000160367
700 1# - ADDED ENTRY--PERSONAL NAME
Personal name Shorts, Edwin.
-- 0000160368
852 1# - LOCATION
-- p4030 KES
852 1# - LOCATION
-- p4030 KES
852 1# - LOCATION
-- p4318.40 KES
908 ## - PUT COMMAND PARAMETER (RLIN)
Put command parameter 080915
950 ## - LOCAL HOLDINGS (RLIN)
-- 1
Holdings
Withdrawn status Lost status Source of classification or shelving scheme Not for loan Home library Current library Date acquired Total Checkouts Full call number Barcode Date last seen Date last checked out Price effective from Koha item type Total Renewals
    Library of Congress Classification   Kabarak, Main Campus Kabarak, Main Campus 17/12/2015 4 K5301 .D48 c. 1 009303 04/11/2019 29/10/2019 17/12/2015 General Collection  
    Library of Congress Classification   Kabarak, Main Campus Kabarak, Main Campus 17/12/2015 1 K5301 .D48 c. 2 009304 17/11/2018 17/11/2018 17/12/2015 General Collection  
    Library of Congress Classification   Kabarak, Main Campus Kabarak, Main Campus 17/12/2015 5 K5301 .D48 c. 3 23437 19/10/2023 29/09/2023 17/12/2015 General Collection 3
    Library of Congress Classification   Kabarak, Main Campus Kabarak, Main Campus 17/12/2015 7 K5301 .D48 c. 4 23438 21/10/2025 16/10/2025 17/12/2015 General Collection 1
    Library of Congress Classification   Kabarak, Main Campus Kabarak, Main Campus 17/12/2015 4 K5301 .D48 c. 6 19828 16/07/2019 09/07/2019 17/12/2015 General Collection  
    Library of Congress Classification   Kabarak, Main Campus Kabarak, Main Campus 17/12/2015 2 K5301 .D48 c. 5 19812 30/06/2018 08/06/2018 17/12/2015 General Collection  
    Library of Congress Classification   Kabarak, Main Campus Kabarak, Main Campus 17/12/2015 6 K5301 .D48 c. 7 19815 09/10/2024 24/09/2024 17/12/2015 General Collection  
    Library of Congress Classification   Kabarak, Main Campus Kabarak, Main Campus 17/12/2015 10 K5301 .D48 2003 c. 10 020836 09/10/2024 23/09/2024 17/12/2015 General Collection 2
    Library of Congress Classification   Kabarak, Main Campus Kabarak, Main Campus 17/12/2015 1 K5301 .D48 2003 c. 11 020831 15/11/2018 03/11/2018 17/12/2015 General Collection  
    Library of Congress Classification   Kabarak, Main Campus Kabarak, Main Campus 17/12/2015 5 K5301 .D48 2003 c. 12 020832 05/04/2024 04/04/2024 17/12/2015 General Collection 2
    Library of Congress Classification   Kabarak, Main Campus Kabarak, Main Campus 17/12/2015 9 K5301 .D48 2003 c. 13 020837 24/09/2024 24/09/2024 17/12/2015 General Collection  
    Library of Congress Classification   Kabarak, Main Campus Kabarak, Main Campus 17/12/2015 4 K5301 .D48 2003 c. 14 020829 04/09/2018 28/08/2018 17/12/2015 General Collection  
    Library of Congress Classification   Kabarak, Main Campus Kabarak, Main Campus 17/12/2015 2 K5301 .D48 2003 c. 15 020830 21/11/2019 04/11/2019 17/12/2015 General Collection  
    Library of Congress Classification   Kabarak, Main Campus Kabarak, Main Campus 17/12/2015 3 K5301 .D48 2003 c. 16 020833 19/09/2022 09/09/2022 17/12/2015 General Collection  
    Library of Congress Classification   Kabarak, Main Campus Kabarak, Main Campus 17/12/2015 4 K5301 .D48 2003 c. 17 020834 02/03/2023 07/02/2023 17/12/2015 General Collection  
    Library of Congress Classification   Kabarak, Main Campus Kabarak, Main Campus 17/12/2015 1 K5301 .D48 2003 c. 8 020835 06/10/2018 17/09/2018 17/12/2015 General Collection  
    Library of Congress Classification   Kabarak, Main Campus Kabarak, Main Campus 17/12/2015 4 K5301 .D48 2003 c. 9 020828 31/10/2019 28/09/2019 17/12/2015 General Collection 1